| 000 | 00572nam a22001577a 4500 | ||
|---|---|---|---|
| 020 | _qHard Cover. | ||
| 082 | _a658 | ||
| 100 | _aKhaleequzzaman, Sameer | ||
| 245 |
_aSmall and medium enterprise development through socially responsible venture capital funds: An active marketing an branding perspective _cSameer Khaleequzzaman |
||
| 260 |
_aIslamabad: _bNBS - NUST, _c2015. |
||
| 300 |
_avi, 66 p. : ill. ; _c30cm. |
||
| 650 |
_aMBA Thesis. _917629 |
||
| 700 |
_aBilal Ahmed Chohan. _918175 |
||
| 942 |
_2ddc _cTHE |
||
| 999 |
_c527716 _d527716 |
||